000 00478nam a2200169Ia 4500
005 20250508152725.0
008 008 250505s9999 xx 000 0 eng d
037 _aBooks to be hide in OPAC
040 _aFEDL
_beng
_cFEDL
041 _aeng
_2eng
084 _a370.78, ALL/O
_qFEDL
245 0 _aResearches and studies
245 0 _cEducation Department. University of Allahabad
300 _a49p.
942 _cHB
_h370.78, ALL/O
999 _c1338324
_d1338324